Inazuma Eleven Supertechnieken - Statistieken

Algemene statistieken
  • Deze quiz is 21 keer genomen
    20 sinds de laatste reset
  • De gemiddelde score is 14 van 27
Antwoordstatistieken
Raimon Supertechniek % Correct
Kevin Draken Poeier
93%
Mark Hand van God
93%
Jack De Muur
87%
Axel Vlammen Tornado
80%
Axel + Kevin Draken Tornado
73%
Mark + Axel Inazuma 1
73%
Erik + Bobby + Mark Tri-Pegasus
73%
Mark Ultieme Hand
73%
Mark Vuurbal Knokkel
73%
Axel + Jack Inazuma Knal
67%
Jude + Mark + Axel Inazuma Breek
60%
Mark Turbo Knokkel
60%
Bobby Super Sliding
53%
Axel + Nathan Vlammen Vogel
53%
Erik + Bobby + Mark De Feniks
47%
Jude + Erik Dubbel Dreun
47%
Jim Spiraal
40%
Nathan Dribbel Storm
33%
Max Kruis Knal
33%
Erik Draaiende Dreun
27%
Axel + Jack + Mark Inazuma 1 Knal
27%
Timmy Wervelwind Twister
27%
Willy + Kevin Glass Poeier
20%
Jude + Kevin, Erik, Nathan, Axel Keizers Pinguin 2
20%
Sam Granaat Schot
13%
Timmy Kung Fu Hoofd
13%
Steve Draaiend Trap
7%
Geen overeenkomende quizzen gevonden
Scoreverdeling
Procent van Mensen met Elke Score
Percentiel versus Aantal Correcte Antwoorden
Uw Scoregeschiedenis
U heeft deze quiz nog niet genomen sinds de laatste reset